| 000 | 00000nam##2200000za#4500 |
| 001 | 9.695452 |
| 003 | CaOODSP |
| 005 | 20220901140051 |
| 007 | cr ||||||||||| |
| 008 | 150407|1998||||xxc|||||o f|0| 0 eng|d |
| 040 | |aCaOODSP|beng |
| 043 | |an-cn--- |
| 086 | 1 |aJ2-155/1998E-PDF |
| 110 | 1 |aCanada.|bJustice Canada. |bCanadian Firearms Centre. |
| 245 | 13|aAn introduction to Canada's firearms law for the Aboriginal Peoples of Canada : |h[electronic resource]|bquestions and answers about the Firearms Act, regulations and support material |
| 260 | |aOttawa - Ontario : |bJustice Canada. |c[1998]. |
| 300 | |a24p.|btable |
| 500 | |aPartial contents: General information.--Getting a firearms licence.--Canadian Firearms Safety Course.--Registering your firearms.--Storing and transporting firearms.--Lending your firearms to others.--Importing and exporting firearms.--Other issues.--Conclusion. |
| 500 | |aThe catalogue number (J2-155/1998E) and ISBN (0-662-27427-X) for the print edition have been incorrectly copied in this electronic publication. |
| 590 | |a12-16-Supp|b2012-04-17 |
| 690 | 07|aFirearms|2gcpds |
| 690 | 07|aIndigenous peoples|2gcpds |
| 775 | 08|tIntroduction à la législation canadienne sur les armes à feux à l'intention des peuples autochtones du Canada : |w(CaOODSP)9.639588 |
| 776 | 0#|tAn introduction to Canada's firearms law for the Aboriginal peoples of Canada : |w(CaOODSP)9.647199 |
| 856 | 40|ahttp://publications.gc.ca|qPDF|s456 KB|uhttps://publications.gc.ca/collections/Collection/J2-155-1998E.pdf |